| 000 | 02713nam a2200409 a 4500 | ||
|---|---|---|---|
| 999 |
_c8420 _d8420 |
||
| 001 | 8420 | ||
| 003 | BD-DhEWU | ||
| 005 | 20190625094923.0 | ||
| 008 | 180513s2014 cau g b 001 0 eng d | ||
| 010 | _a 2013044228 | ||
| 020 | _a9781591589228 (pbk. : acidfree paper) | ||
| 020 | _a1591589223 | ||
| 020 | _z9781591589235 (ebook) | ||
| 040 |
_aDLC _beng _cDLC _erda _dDLC _dBD-DhEWU |
||
| 041 | _aeng | ||
| 050 | 0 | 0 |
_aZ678.9 _b.B54 2014 |
| 082 | 0 | 0 |
_a025.00285 _223 _bBIL 2014 |
| 100 | 1 |
_aBilal, Dania. _d1956- _922479 |
|
| 245 | 1 | 0 |
_aLibrary automation : _bcore concepts and practical systems analysis / _cDania Bilal ; foreword by Marshall Breeding. |
| 250 | _a3rd ed. | ||
| 260 |
_aSanta Barbara, Calif. : _bLibraries Unlimited, _c2014 |
||
| 300 |
_axxix, 279 p. ; _c26 cm. |
||
| 500 | _aReshaped and expanded edition of: Automating media centers and small libraries. Second edition. 2002. | ||
| 504 | _aIncludes bibliographical references and index. | ||
| 505 | 0 |
_aIntegrated library system (ILS) defined -- Library automation life cycle (LALC). Phase I, System identification and planning -- LALC phase 2 : gathering user requirements -- LALC phase 3. Structuring user requirements and selecting a system -- LALC phase 4. System implementation. Part 1. Preparing the collection for the integrated library system -- LALC phase 4. System implementation. Part II. Installation, testing, facility, training, and tracking system use -- Software, hardware, and network architecture -- System (ILS) migration -- LALC phase 5. Evaluating system use through usability -- Library automation "on the move". _tTOC |
|
| 520 | _aRecent advances in technology such as cloud computing, recent industry standards such as RFID, bibliographic standards like RDA and BIBFRAME, the increased adoption of open source integrated library systems (ILS), and continued shift in users' expectations have increased the complexity of the decision regarding ILS for all types of libraries. | ||
| 526 | _aDIS | ||
| 590 | _aSagar Shahanawaz | ||
| 650 | 0 |
_aLibraries _xAutomation. _915965 |
|
| 650 | 0 |
_aIntegrated library systems (Computer systems) _922480 |
|
| 650 | 0 |
_aOpen source software _xLibrary applications. _922481 |
|
| 650 | 7 |
_aLANGUAGE ARTS & DISCIPLINES / Library & Information Science / General. _2bisacsh _920902 |
|
| 650 | 7 |
_aLANGUAGE ARTS & DISCIPLINES / Library & Information Science / Administration & Management. _2bisacsh _922482 |
|
| 700 | 1 |
_aBilal, Dania, _d1956- _tAutomating media centers and small libraries. _922483 |
|
| 856 | 4 | 2 |
_3WorldCat details _uhttps://www.worldcat.org/title/library-automation-core-concepts-and-practical-systems-analysis/oclc/901447043&referer=brief_results |
| 942 |
_2ddc _cTEXT _03 |
||